[Event "Hamilton Winter op"]
[Site "Hamilton CAN"]
[Date "2011.03.26"]
[Round "1"]
[White "Nicholson, Matthew"]
[Black "Noritsyn, Nikolay"]
[Result "0-1"]
[WhiteElo "2050"]
[BlackElo "2584"]
[PlyCount "74"]
[EventDate "2011.03.26"]
[EventType "swiss"]
[EventRounds "6"]
[EventCountry "CAN"]

1. e4 c5 2. Nf3 Nc6 3. d4 cxd4 4. Nxd4 g6 5. Nc3 Bg7 6. Be3 Nf6 7. Bc4 Qa5 8.
O-O O-O 9. h3 d6 10. Re1 Bd7 11. Qd2 Rfc8 12. Nb3 Qd8 13. Bh6 Bxh6 14. Qxh6 Ne5
15. Bf1 b5 16. Nd4 b4 17. Nd5 Nxd5 18. exd5 Rc5 19. Re4 Qf8 20. Qxf8+ Kxf8 21.
f4 f5 22. Nb3 Rxc2 23. Rxb4 Nf7 24. Nd4 Rc5 25. Be2 a5 26. Rb7 Rxd5 27. Rxd7
Rxd4 28. Rc1 Rxf4 29. Rcc7 Re8 30. Ra7 Re4 31. Bb5 Rc8 32. Rxa5 Rc1+ 33. Kf2
Rc2+ 34. Kg3 Rxb2 35. a4 Rb3+ 36. Kh2 Ne5 37. Rd8+ Kg7 0-1

[Event "Hamilton Winter op"]
[Site "Hamilton CAN"]
[Date "2011.03.26"]
[Round "2"]
[White "Noritsyn, Nikolay"]
[Black "Whissell, Mavros"]
[Result "1-0"]
[WhiteElo "2584"]
[BlackElo "2175"]
[PlyCount "95"]
[EventDate "2011.03.26"]
[EventType "swiss"]
[EventRounds "6"]
[EventCountry "CAN"]

1. c4 e5 2. Nc3 Nf6 3. Nf3 Nc6 4. a3 d5 5. cxd5 Nxd5 6. d3 Be7 7. e3 O-O 8. Be2
Be6 9. O-O f5 10. Qc2 Kh8 11. Rd1 Nb6 12. b4 a6 13. Bb2 Qe8 14. b5 Na5 15. Re1
axb5 16. Nxe5 Bb3 17. Qc1 Bd6 18. Nf3 Be6 19. Bd1 c5 20. e4 Qd7 21. exf5 Rxf5
22. Nxb5 Bf4 23. Qc3 Bg8 24. a4 Nc6 25. d4 cxd4 26. Nbxd4 Nd5 27. Qd3 Nxd4 28.
Qxd4 Raf8 29. Nh4 Rg5 30. g3 Bc7 31. a5 Qh3 32. Ng2 Nf6 33. Qh4 Qxh4 34. Nxh4
Rxa5 35. Re7 Rxa1 36. Bxa1 Rf7 37. Bxf6 gxf6 38. Re8 Bd6 39. Nf5 Rf8 40. Nxd6
Rxe8 41. Nxe8 f5 42. Nd6 Be6 43. Nxb7 Kg7 44. Nc5 Bd5 45. f4 Kf6 46. Kf2 Ke7
47. Ke3 Kd6 48. Kd4 1-0

[Event "Hamilton Winter op"]
[Site "Hamilton CAN"]
[Date "2011.03.26"]
[Round "3"]
[White "Noritsyn, Nikolay"]
[Black "Sambuev, Bator"]
[Result "0-1"]
[WhiteElo "2584"]
[BlackElo "2718"]
[PlyCount "64"]
[EventDate "2011.03.26"]
[EventType "swiss"]
[EventRounds "6"]
[EventCountry "CAN"]

1. c4 Nf6 2. Nc3 g6 3. g3 Bg7 4. Bg2 O-O 5. d4 Nc6 6. e3 e5 7. d5 Ne7 8. d6
cxd6 9. Qxd6 Nf5 10. Qd3 d5 11. cxd5 Nd6 12. e4 b5 13. a3 a5 14. Nge2 Bd7 15.
Nd1 b4 16. a4 Qe8 17. b3 Nfxe4 18. Bxe4 f5 19. Bg2 f4 20. gxf4 exf4 21. Bb2 Bf5
22. Qd2 Bxb2 23. Nxb2 f3 24. Bxf3 Bh3 25. Qd3 Qe5 26. O-O-O Rac8+ 27. Nc4 Nxc4
28. bxc4 Rxf3 29. Qxf3 Rxc4+ 30. Kd2 Bg4 31. Qd3 Bxe2 32. Qxe2 Qc3# 0-1

[Event "Hamilton Winter op"]
[Site "Hamilton CAN"]
[Date "2011.03.27"]
[Round "4"]
[White "Upper, John"]
[Black "Noritsyn, Nikolay"]
[Result "0-1"]
[WhiteElo "2206"]
[BlackElo "2584"]
[PlyCount "92"]
[EventDate "2011.03.26"]
[EventType "swiss"]
[EventRounds "6"]
[EventCountry "CAN"]

1. c4 g6 2. Nc3 Bg7 3. g3 e6 4. Bg2 Ne7 5. e4 c5 6. Nge2 Nbc6 7. O-O a6 8. a3
Rb8 9. b4 cxb4 10. axb4 Nxb4 11. Ba3 a5 12. Rb1 Nec6 13. d4 O-O 14. Kh1 b6 15.
f4 Ba6 16. d5 Ne7 17. d6 Nec6 18. Nb5 Rc8 19. Qd2 e5 20. f5 Nd4 21. Nexd4 exd4
22. Bxb4 axb4 23. Rxb4 Rxc4 24. Rxc4 Bxb5 25. Rc7 Bxf1 26. Bxf1 Qa8 27. Qf4 g5
28. Qxg5 Qxe4+ 29. Kg1 h6 30. Qf4 Qxf4 31. gxf4 Rd8 32. Bb5 Bf8 33. Rb7 Bxd6
34. Rxb6 Bxf4 35. Kf2 Kg7 36. h3 d5 37. Ke2 Be5 38. Kd3 Ra8 39. Ba6 h5 40. Kd2
h4 41. Ke2 Bf6 42. Rd6 Re8+ 43. Kf2 Re5 44. Bd3 Be7 45. Rd7 Kf6 46. Ra7 Re3 0-1

[Event "Hamilton Winter op"]
[Site "Hamilton CAN"]
[Date "2011.03.27"]
[Round "5"]
[White "Noritsyn, Nikolay"]
[Black "Semianiuk, Konstantin"]
[Result "1-0"]
[WhiteElo "2584"]
[BlackElo "2205"]
[PlyCount "59"]
[EventDate "2011.03.26"]
[EventType "swiss"]
[EventRounds "6"]
[EventCountry "CAN"]

1. c4 c6 2. e4 d5 3. exd5 cxd5 4. cxd5 Qxd5 5. Nc3 Qd8 6. d4 Nf6 7. Nf3 e6 8.
Bd3 Be7 9. O-O O-O 10. Re1 Nc6 11. a3 b6 12. Bc2 a5 13. Bg5 Ba6 14. Qd2 Nd5 15.
Nxd5 exd5 16. Rac1 f6 17. Bf4 Bb7 18. Nh4 Rf7 19. Nf5 Bf8 20. h4 Qd7 21. h5 g6
22. hxg6 hxg6 23. Nh4 Qg4 24. Nxg6 Rg7 25. Re3 Nxd4 26. Qxd4 Bc5 27. Qxf6 Bxe3
28. Bxe3 d4 29. Bb3+ Kh7 30. Nf8+ 1-0

[Event "Hart House Reading Week op"]
[Site "Toronto CAN"]
[Date "2011.02.19"]
[Round "1"]
[White "Noritsyn, Nikolay"]
[Black "Gusev, Nikita"]
[Result "1-0"]
[WhiteElo "2585"]
[BlackElo "2237"]
[PlyCount "113"]
[EventDate "2011.02.19"]
[EventType "swiss"]
[EventRounds "6"]
[EventCountry "CAN"]

1. d4 Nf6 2. c4 e6 3. Nf3 b6 4. a3 Bb7 5. Nc3 d5 6. cxd5 Nxd5 7. Qc2 Be7 8. e4
Nxc3 9. bxc3 O-O 10. Bd3 c5 11. O-O h6 12. Qe2 Nc6 13. Bb2 Re8 14. Rad1 Qc7 15.
Bb1 Bf8 16. Qd3 e5 17. d5 Rad8 18. Nh4 g6 19. Ba2 Na5 20. c4 Nc6 21. g3 Be7 22.
Nf3 Nd4 23. Nxd4 cxd4 24. f4 Bc5 25. Qf3 f6 26. Bc1 Qg7 27. Kh1 Bc8 28. Bb3 Rf8
29. Ba4 Ba6 30. Rf2 f5 31. Re1 d3 32. Rd2 fxe4 33. Rxe4 exf4 34. g4 Be3 35. Qh3
Bxd2 36. Bxd2 f3 37. Re1 g5 38. Bb4 Rf4 39. Rd1 Qb2 40. Bd2 Rf6 41. Qf1 Qxa3
42. Bc6 Qb3 43. Be3 f2 44. Rd2 Rdf8 45. d6 Qxc4 46. Bg2 Rxd6 47. Bxf2 Qxg4 48.
Qg1 Kg7 49. Bg3 Rdd8 50. Qa1+ Kg8 51. Qa2+ Rf7 52. Rf2 Rdd7 53. Bd5 Qh5 54.
Bxf7+ Rxf7 55. Qe6 d2 56. Qe8+ Kg7 57. Be5+ 1-0

[Event "Hart House Reading Week op"]
[Site "Toronto CAN"]
[Date "2011.02.19"]
[Round "2"]
[White "Vaingorten, Yaaqov"]
[Black "Noritsyn, Nikolay"]
[Result "1-0"]
[WhiteElo "2336"]
[BlackElo "2585"]
[PlyCount "106"]
[EventDate "2011.02.19"]
[EventType "swiss"]
[EventRounds "6"]
[EventCountry "CAN"]

1. e4 e5 2. d4 exd4 3. Bc4 d6 4. Nf3 Be7 5. Nxd4 Nf6 6. Nc3 O-O 7. O-O c6 8.
Qf3 Nbd7 9. Nf5 Ne5 10. Nxe7+ Qxe7 11. Qe2 b5 12. Bd3 a6 13. b3 Bb7 14. Bb2 c5
15. f4 Nxd3 16. cxd3 b4 17. Nd1 d5 18. Ne3 d4 19. Nf5 Qd7 20. Rae1 Rae8 21. Qd1
Kh8 22. Ng3 Ng8 23. f5 Qd6 24. Bc1 Bc8 25. Rf4 g5 26. Rg4 f6 27. h4 gxh4 28.
Bf4 Qd7 29. Rxh4 Ne7 30. Kf2 Rf7 31. Reh1 Nc6 32. Nh5 Qe7 33. g4 Rg8 34. Qf3
Ne5 35. Bxe5 fxe5 36. f6 Qd6 37. Ke2 Rg6 38. Ng7 Rgxf6 39. Nf5 Qc7 40. Qg3 Rg6
41. Qh2 Bxf5 42. gxf5 Rgg7 43. Rh6 Kg8 44. f6 Rg4 45. Rg1 Rxg1 46. Qxg1+ Kf8
47. Qg4 Qd7 48. Kf3 Qc6 49. Qf5 Ke8 50. Qxe5+ Kd8 51. Kf4 Kc8 52. Kf5 Kb7 53.
Qe6 Qb5 1-0

[Event "Hart House Reading Week op"]
[Site "Toronto CAN"]
[Date "2011.02.20"]
[Round "4"]
[White "Kleinman, Michael"]
[Black "Noritsyn, Nikolay"]
[Result "0-1"]
[WhiteElo "2256"]
[BlackElo "2585"]
[PlyCount "64"]
[EventDate "2011.02.19"]
[EventType "swiss"]
[EventRounds "6"]
[EventCountry "CAN"]

1. e4 c5 2. Nf3 Nc6 3. Nc3 g6 4. d4 cxd4 5. Nxd4 Bg7 6. Be3 Nf6 7. Bc4 Qa5 8.
O-O O-O 9. Bb3 d6 10. h3 Bd7 11. f4 Qh5 12. Nf3 b5 13. a3 a5 14. Qd3 a4 15. Ba2
b4 16. Ne2 Qa5 17. Rad1 Rad8 18. Nd2 d5 19. Bxd5 Nxd5 20. Qxd5 Qa6 21. Qc4 Qxc4
22. Nxc4 Be6 23. Nb6 Bxb2 24. axb4 a3 25. Bc1 Rxd1 26. Rxd1 Rb8 27. Bxb2 axb2
28. Nd5 Nxb4 29. Nxb4 Rxb4 30. Nc3 Rc4 31. Rb1 Rxc3 32. Rxb2 Rc4 0-1

[Event "Hart House Reading Week op"]
[Site "Toronto CAN"]
[Date "2011.02.21"]
[Round "5"]
[White "Noritsyn, Nikolay"]
[Black "Humphreys, Michael"]
[Result "1-0"]
[WhiteElo "2585"]
[BlackElo "2280"]
[PlyCount "73"]
[EventDate "2011.02.19"]
[EventType "swiss"]
[EventRounds "6"]
[EventCountry "CAN"]

1. d4 Nf6 2. c4 e6 3. Nf3 b6 4. a3 Bb7 5. Nc3 d5 6. cxd5 Nxd5 7. Qc2 Nxc3 8.
bxc3 Be7 9. e4 O-O 10. Bd3 c5 11. O-O Qc7 12. Qe2 Nd7 13. h4 Rfd8 14. h5 h6 15.
Be3 Nf6 16. Nd2 e5 17. d5 Bc8 18. Qf3 Kh7 19. g4 Bxg4 20. Qg3 Bxh5 21. Nc4 Ng4
22. Bd2 Qc8 23. f3 Nf6 24. Nxe5 Bd6 25. f4 c4 26. Nxc4 Bc5+ 27. Kh2 Ng4+ 28.
Kh1 f5 29. Ne5 Nf6 30. Rae1 fxe4 31. Rxe4 Nxe4 32. Bxe4+ Kh8 33. Qh4 Be8 34. f5
Qc7 35. f6 Qxe5 36. Bxh6 Qh5 37. fxg7+ 1-0

[Event "Hart House Reading Week op"]
[Site "Toronto CAN"]
[Date "2011.02.21"]
[Round "6"]
[White "Noritsyn, Nikolay"]
[Black "Lahaye, Rick"]
[Result "1-0"]
[WhiteElo "2585"]
[BlackElo "2389"]
[PlyCount "75"]
[EventDate "2011.02.19"]
[EventType "swiss"]
[EventRounds "6"]
[EventCountry "CAN"]

1. c4 c6 2. e4 d5 3. exd5 cxd5 4. cxd5 Nf6 5. Qa4+ Nbd7 6. Nc3 g6 7. Bc4 Bg7 8.
d3 O-O 9. Nf3 a6 10. Qa3 Nb6 11. Qb3 Bf5 12. O-O Qc7 13. Re1 Rac8 14. Bf4 Qxf4
15. Qxb6 Ng4 16. d6 Qxd6 17. Qxd6 exd6 18. Nd5 Bxb2 19. Ne7+ Kh8 20. Nxc8 Bxa1
21. Nxd6 Bc3 22. Re7 b5 23. Nxf7+ Rxf7 24. Bxf7 Bf6 25. Ra7 Bxd3 26. Be6 Ne5
27. Nxe5 Bxe5 28. Rxa6 Kg7 29. Bb3 b4 30. Re6 Bb2 31. Re7+ Kh6 32. h4 g5 33.
Re6+ Kh5 34. Bd1+ g4 35. g3 Bc4 36. Rc6 Bxa2 37. f3 Bd4+ 38. Kh2 1-0

[Event "Guelph Winter ProAm"]
[Site "Guelph CAN"]
[Date "2011.02.05"]
[Round "1"]
[White "Noritsyn, Nikolay"]
[Black "Becker, Paul"]
[Result "1-0"]
[WhiteElo "2582"]
[BlackElo "2077"]
[PlyCount "35"]
[EventDate "2011.02.05"]
[EventType "swiss"]
[EventRounds "5"]
[EventCountry "CAN"]

1. d4 d5 2. c4 c6 3. Nf3 Nf6 4. Nc3 a6 5. a4 e6 6. Bg5 h6 7. Bxf6 Qxf6 8. e3
dxc4 9. Bxc4 g6 10. O-O Bg7 11. Ne4 Qe7 12. Ne5 O-O 13. f4 b5 14. axb5 cxb5 15.
Bxb5 axb5 16. Rxa8 Qb7 17. Qf3 Qb6 18. Nc5 1-0

[Event "Guelph Winter ProAm"]
[Site "Guelph CAN"]
[Date "2011.02.05"]
[Round "3"]
[White "Noritsyn, Nikolay"]
[Black "Sambuev, Bator"]
[Result "0-1"]
[WhiteElo "2582"]
[BlackElo "2716"]
[PlyCount "56"]
[EventDate "2011.02.05"]
[EventType "swiss"]
[EventRounds "5"]
[EventCountry "CAN"]

1. g3 e5 2. Bg2 Nc6 3. c4 h5 4. Nf3 e4 5. Nh4 g5 6. Nf5 d6 7. Bxe4 Nf6 8. d3
Nxe4 9. dxe4 Bxf5 10. exf5 Qf6 11. Nc3 O-O-O 12. e4 g4 13. h4 Re8 14. Bg5 Qxf5
15. O-O Qe6 16. Qa4 Bg7 17. Rfe1 Bxc3 18. bxc3 Ne5 19. Qxa7 Nf3+ 20. Kg2 Nxe1+
21. Rxe1 Qxc4 22. Qa8+ Kd7 23. Qxb7 f5 24. Kh2 Rxe4 25. Rd1 Rhe8 26. Bf4 R8e6
27. Qa8 Re2 28. Qa7 Rxa2 0-1

[Event "Hart House Holidays op"]
[Site "Toronto CAN"]
[Date "2010.12.17"]
[Round "1.2"]
[White "Noritsyn, Nikolay"]
[Black "Fiedler, Brian"]
[Result "1-0"]
[WhiteElo "2563"]
[BlackElo "2130"]
[PlyCount "89"]
[EventDate "2010.12.17"]
[EventType "swiss"]
[EventRounds "5"]
[EventCountry "CAN"]

1. e4 c5 2. Nf3 d6 3. c3 Nf6 4. h3 e6 5. Bd3 Be7 6. O-O O-O 7. Bc2 Nc6 8. Re1
Qc7 9. d4 e5 10. d5 Nd8 11. c4 Ne8 12. Nc3 f6 13. Nh2 Nf7 14. a3 g6 15. Qe2 Ng7
16. b4 b6 17. Rb1 f5 18. f4 Bf6 19. exf5 Nxf5 20. Nf3 Nd4 21. Nxd4 exd4 22. Ne4
Bg7 23. Bd2 Bd7 24. Bd3 Rae8 25. g4 Qd8 26. Qg2 Qh4 27. Re2 Kh8 28. Rf1 Bc8 29.
a4 Qd8 30. Qg3 Nh6 31. Rfe1 Nf7 32. b5 Rg8 33. a5 Rgf8 34. a6 Rg8 35. h4 Qd7
36. Rg2 Rgf8 37. Ng5 Nxg5 38. hxg5 Rxe1+ 39. Qxe1 Qf7 40. Qh4 Re8 41. Rh2 Bf8
42. f5 gxf5 43. gxf5 Bxf5 44. Rf2 Re5 45. Qf4 1-0

[Event "Hart House Holidays op"]
[Site "Toronto CAN"]
[Date "2010.12.18"]
[Round "2.2"]
[White "Gelis, Paul"]
[Black "Noritsyn, Nikolay"]
[Result "0-1"]
[WhiteElo "2248"]
[BlackElo "2563"]
[PlyCount "102"]
[EventDate "2010.12.17"]
[EventType "swiss"]
[EventRounds "5"]
[EventCountry "CAN"]

1. d4 c5 2. d5 g6 3. Nf3 Nf6 4. c4 d6 5. Nc3 Bg7 6. e4 O-O 7. Be2 e5 8. Bg5 h6
9. Bh4 Qb6 10. Nd2 Nh7 11. g4 Ng5 12. Qb3 Qd8 13. O-O-O Bf6 14. h3 Nxe4 15.
Ncxe4 Bxh4 16. Nf3 Be7 17. Qe3 Kg7 18. g5 Rh8 19. h4 h5 20. Nfd2 Nd7 21. f4
exf4 22. Qc3+ Ne5 23. Rdf1 f5 24. Nxc5 Qb6 25. Nd3 Kh7 26. Nxf4 Bd7 27. Rhg1
Rac8 28. Kb1 Qc7 29. Qe3 b5 30. Bxh5 gxh5 31. Nxh5 bxc4 32. Nf6+ Kg7 33. h5 c3
34. h6+ Kg6 35. Qe2 Bxf6 36. gxf6+ Kf7 37. Qh5+ Kf8 38. h7 c2+ 39. Ka1 c1=Q+
40. Rxc1 Qxc1+ 41. Rxc1 Rxc1+ 42. Nb1 Rg1 43. a3 Rg6 44. Qh4 Kf7 45. Nc3 Rxf6
46. Ne2 Ng6 47. Qd4 f4 48. Qxa7 Ne5 49. Nc3 f3 50. Ne4 Rxh7 51. a4 Rh4 0-1

[Event "Hart House Holidays op"]
[Site "Toronto CAN"]
[Date "2010.12.18"]
[Round "3.2"]
[White "Noritsyn, Nikolay"]
[Black "Sapozhnikov, Roman"]
[Result "1-0"]
[WhiteElo "2563"]
[BlackElo "2405"]
[PlyCount "55"]
[EventDate "2010.12.17"]
[EventType "swiss"]
[EventRounds "5"]
[EventCountry "CAN"]

1. e4 c5 2. Nf3 d6 3. c3 Nf6 4. h3 Nc6 5. Bd3 g6 6. Bc2 Bg7 7. d4 O-O 8. d5 Nb8
9. O-O e6 10. c4 exd5 11. exd5 Na6 12. Nc3 Nc7 13. Re1 b6 14. Rb1 Bb7 15. Bg5
h6 16. Bh4 Ba6 17. Qd3 Rb8 18. Nd2 b5 19. Nde4 bxc4 20. Qf3 Nce8 21. Nxf6+ Nxf6
22. Ne4 g5 23. Nxg5 Qd7 24. Bf5 Qc7 25. Ne4 Nxe4 26. Rxe4 f6 27. Rbe1 Rb7 28.
Qg4 1-0

[Event "Hart House Holidays op"]
[Site "Toronto CAN"]
[Date "2010.12.19"]
[Round "4.1"]
[White "Sambuev, Bator"]
[Black "Noritsyn, Nikolay"]
[Result "1/2-1/2"]
[WhiteElo "2725"]
[BlackElo "2563"]
[PlyCount "122"]
[EventDate "2010.12.17"]
[EventType "swiss"]
[EventRounds "5"]
[EventCountry "CAN"]

1. d4 c5 2. d5 e6 3. dxe6 fxe6 4. e4 Nc6 5. Nf3 d5 6. exd5 exd5 7. Bb5 Nf6 8.
O-O Be7 9. c4 a6 10. Bxc6+ bxc6 11. cxd5 cxd5 12. Ne5 O-O 13. Nc6 Qd6 14. Nxe7+
Qxe7 15. Bg5 Bb7 16. Nd2 Qe5 17. Nf3 Qd6 18. b4 cxb4 19. Re1 Rac8 20. Bh4 Rc4
21. Bg3 Qb6 22. Ne5 Rc3 23. Rb1 a5 24. Rb2 d4 25. Rd2 Rd8 26. Bh4 Qd6 27. Bxf6
Qxf6 28. Rxd4 Rf8 29. f3 Re8 30. Rd6 Qh4 31. Rd7 Bc6 32. g3 Qg5 33. Nxc6 Rxe1+
34. Qxe1 Rc1 35. Rd1 Qc5+ 36. Nd4 Qxd4+ 37. Kg2 Rc2+ 38. Kh3 Qf6 39. Qe8+ Qf8
40. Qe6+ Kh8 41. Rd5 Qc8 42. Qxc8+ Rxc8 43. Rxa5 h6 44. Kg4 Rb8 45. f4 b3 46.
axb3 Rxb3 47. f5 Kh7 48. Ra7 Rb6 49. Kh5 Rc6 50. g4 Rb6 51. h4 Kg8 52. g5 hxg5
53. hxg5 g6+ 54. Kh6 gxf5+ 55. g6 Rb8 56. Rg7+ Kh8 57. Rf7 f4 58. g7+ Kg8 59.
Rf6 f3 60. Kg6 f2 61. Rxf2 Ra8 1/2-1/2

[Event "Hart House Holidays op"]
[Site "Toronto CAN"]
[Date "2010.12.19"]
[Round "5.2"]
[White "Noritsyn, Nikolay"]
[Black "Cummings, David"]
[Result "1/2-1/2"]
[WhiteElo "2563"]
[BlackElo "2456"]
[PlyCount "69"]
[EventDate "2010.12.17"]
[EventType "swiss"]
[EventRounds "5"]
[EventCountry "CAN"]

1. e4 c5 2. Nf3 e6 3. c3 d5 4. e5 d4 5. Na3 Nc6 6. Qe2 Nge7 7. Nc4 Ng6 8. a4 b6
9. h4 Ba6 10. Qe4 Qd5 11. Qxd5 exd5 12. Nd6+ Bxd6 13. Bxa6 Ncxe5 14. Nxe5 Nxe5
15. O-O O-O 16. Bb7 Rad8 17. Bxd5 Be7 18. c4 Bxh4 19. Ra3 Rfe8 20. Rh3 Bf6 21.
d3 Re7 22. Rd1 Rde8 23. Rf1 g6 24. Bd2 a5 25. Bf4 h5 26. Bxe5 Rxe5 27. Bf3 Bg5
28. g3 Bd8 29. Rh1 f5 30. Kg2 Kg7 31. Bc6 R8e7 32. Bf3 Bc7 33. Rb1 Kf6 34. Rbg1
Rh7 35. Re1 1/2-1/2

[Event "Guelph Fall ProAm"]
[Site "Guelph CAN"]
[Date "2010.11.06"]
[Round "1"]
[White "Song, Michael"]
[Black "Noritsyn, Nikolay"]
[Result "0-1"]
[WhiteElo "2133"]
[BlackElo "2559"]
[PlyCount "60"]
[EventDate "2010.11.06"]
[EventType "swiss"]
[EventRounds "5"]
[EventCountry "CAN"]

1. e4 c5 2. Nc3 Nc6 3. f4 e6 4. Nf3 a6 5. d3 d5 6. g3 Nf6 7. Bg2 Be7 8. O-O d4
9. Ne2 b5 10. h3 Bb7 11. g4 Qc7 12. f5 exf5 13. gxf5 Bd6 14. Qd2 Nd7 15. Nf4
Nce5 16. Nxe5 Bxe5 17. Qe1 Qd6 18. Bd2 g5 19. Nh5 Nf6 20. Qe2 Rg8 21. Nxf6+
Qxf6 22. Bf3 Bc6 23. Bg4 Kd7 24. Kf2 h5 25. Bxh5 g4 26. Bxg4 Qh4+ 27. Kg2 Qg3+
28. Kh1 Rxg4 29. Rf3 Rag8 30. Rxg3 Rxg3 0-1

[Event "Guelph Fall ProAm"]
[Site "Guelph CAN"]
[Date "2010.11.06"]
[Round "2"]
[White "Noritsyn, Nikolay"]
[Black "Semianiuk, Konstantin"]
[Result "1-0"]
[WhiteElo "2559"]
[BlackElo "2195"]
[PlyCount "79"]
[EventDate "2010.11.06"]
[EventType "swiss"]
[EventRounds "5"]
[EventCountry "CAN"]

1. d4 d5 2. c4 c6 3. Nf3 Nf6 4. e3 a6 5. b3 Bg4 6. Be2 e6 7. h3 Bxf3 8. Bxf3
Be7 9. O-O O-O 10. Nc3 Nbd7 11. Bb2 b5 12. Qc2 Nb6 13. c5 Nbd7 14. Ne2 Qc7 15.
a4 Rfe8 16. b4 Bf8 17. Ra3 g6 18. Rfa1 Rab8 19. axb5 axb5 20. Ra6 Bg7 21. Nc1
Rb7 22. Nb3 Nb8 23. Ra8 Qe7 24. Na5 Rc7 25. Bc3 h5 26. Ra3 Kh7 27. g3 Nbd7 28.
Ra6 Rec8 29. Bg2 e5 30. dxe5 Nxe5 31. Bd4 Ne8 32. e4 Nc4 33. Nxc4 dxc4 34. e5
Qe6 35. Re3 Rd7 36. Bc3 Nc7 37. Rxc6 Qe8 38. Rd6 Nd5 39. Bxd5 Bf8 40. Qe2 1-0

[Event "Guelph Fall ProAm"]
[Site "Guelph CAN"]
[Date "2010.11.07"]
[Round "4"]
[White "Sambuev, Bator"]
[Black "Noritsyn, Nikolay"]
[Result "1-0"]
[WhiteElo "2672"]
[BlackElo "2559"]
[PlyCount "101"]
[EventDate "2010.11.06"]
[EventType "swiss"]
[EventRounds "5"]
[EventCountry "CAN"]

1. Nf3 c5 2. e4 e6 3. c3 d5 4. exd5 Qxd5 5. d4 Nf6 6. Na3 Nc6 7. Nb5 Qd8 8.
dxc5 Bxc5 9. Qxd8+ Kxd8 10. b4 Bb6 11. a4 a6 12. Nd6 Ke7 13. Nc4 Bc7 14. Ba3 b5
15. Ne3 Rb8 16. c4 Bd6 17. cxb5 Bxb4+ 18. Bxb4+ Nxb4 19. Ne5 Nfd5 20. Nxd5+
exd5 21. Kd2 f6 22. Nd3 Nxd3 23. Bxd3 axb5 24. axb5 Kd6 25. Ke3 Bb7 26. Kd4 Ra8
27. Rhe1 Rhc8 28. f4 f5 29. h3 h5 30. g3 g6 31. h4 Rcb8 32. Bc2 Rc8 33. Bd3
Rcb8 34. Rec1 Re8 35. Rcb1 Reb8 36. b6 Rxa1 37. Rxa1 Bc6 38. Rb1 Bb7 39. Bb5
Bc8 40. Be8 Bb7 41. Bxg6 Rg8 42. Bxf5 Rxg3 43. Re1 Kc6 44. Re6+ Kb5 45. Bd3+
Ka5 46. f5 Rf3 47. Re3 Rf2 48. Kc5 Ba6 49. Re2 Rxe2 50. Bxe2 d4 51. Bxa6 1-0

[Event "Guelph Fall ProAm"]
[Site "Guelph CAN"]
[Date "2010.11.07"]
[Round "5"]
[White "Noritsyn, Nikolay"]
[Black "Plotkin, Victor"]
[Result "1/2-1/2"]
[WhiteElo "2559"]
[BlackElo "2398"]
[PlyCount "122"]
[EventDate "2010.11.06"]
[EventType "swiss"]
[EventRounds "5"]
[EventCountry "CAN"]

1. d4 d5 2. c4 e6 3. Nc3 Be7 4. Nf3 Nf6 5. Bg5 O-O 6. e3 Nbd7 7. Rc1 a6 8. c5
h6 9. Bh4 Ne4 10. Bxe7 Qxe7 11. Nxe4 dxe4 12. Nd2 f5 13. b4 e5 14. d5 f4 15.
Qb3 Kh8 16. Nxe4 Nf6 17. Nxf6 Qxf6 18. e4 Qg6 19. f3 c6 20. d6 Be6 21. Qb2 Qf6
22. Bc4 Bd7 23. O-O g5 24. a4 h5 25. b5 axb5 26. axb5 g4 27. bxc6 bxc6 28. fxg4
hxg4 29. g3 Rab8 30. Qc3 f3 31. Rf2 Rb7 32. Rcc2 Qg5 33. Rb2 Rfb8 34. Rxb7 Rxb7
35. h4 Qf6 36. Rb2 Rxb2 37. Qxb2 Be6 38. Bd3 Kh7 39. Qb7+ Kg6 40. Kf2 Qd8 41.
Qb6 Qa8 42. Qa6 Qb8 43. Qb6 Qa8 44. Qa6 Qb8 45. Qa3 Qb7 46. Qc3 Kf6 47. Qd2 Kf7
48. Bf1 Qa7 49. Qe3 Qa2+ 50. Kg1 Qc2 51. h5 Bc8 52. Kh1 Ba6 53. Qh6 Bxf1 54.
Qh7+ Kf8 55. Qe7+ Kg8 56. Qe8+ Kh7 57. Qf7+ Kh8 58. Qf8+ Kh7 59. Qf5+ Kh8 60.
Qxe5+ Kh7 61. Qf5+ Kh8 1/2-1/2

[Event "Olympiad"]
[Site "Khanty-Mansiysk RUS"]
[Date "2010.09.24"]
[Round "4"]
[White "Tuamsang, Sawapop"]
[Black "Noritsyn, Nikolay"]
[Result "0-1"]
[WhiteElo "1984"]
[BlackElo "2414"]
[PlyCount "92"]
[EventDate "2010.09.21"]
[EventType "team"]
[EventRounds "11"]
[EventCountry "RUS"]
[WhiteTeam "THA"]
[BlackTeam "CAN"]

1. d4 Nf6 2. c4 c5 3. e3 g6 4. Nc3 Bg7 5. Nf3 O-O 6. Bd3 cxd4 7. exd4 d5 8. O-O
Nc6 9. h3 a6 10. Bf4 dxc4 11. Bxc4 b5 12. Bb3 Na5 13. Re1 Bb7 14. Qe2 e6 15.
Be5 Rc8 16. Ng5 Nc4 17. Bxc4 Rxc4 18. a4 Qb6 19. axb5 axb5 20. Nd1 Nd7 21. Bxg7
Kxg7 22. Nf3 Bxf3 23. Qxf3 Rxd4 24. Ne3 Nf6 25. Rec1 h5 26. Rc6 Qb8 27. Rac1
Rf4 28. Qe2 Rd8 29. g3 Rb4 30. Rc7 Re4 31. Qf3 Qb6 32. R1c5 Rf8 33. g4 hxg4 34.
hxg4 Ra4 35. g5 Nh5 36. R7c6 Qa5 37. Nc2 Kg8 38. b4 Qd8 39. Qg4 Qd2 40. Rc8 Ra8
41. R8c7 Rad8 42. Ne3 Rd4 43. Qf3 Qe1+ 44. Nf1 Rd1 45. Qxd1 Qxd1 46. Rxb5 Qg4+
0-1

[Event "Olympiad"]
[Site "Khanty-Mansiysk RUS"]
[Date "2010.09.27"]
[Round "6"]
[White "Noritsyn, Nikolay"]
[Black "Jankovic, Alojzije"]
[Result "1-0"]
[WhiteElo "2414"]
[BlackElo "2560"]
[PlyCount "65"]
[EventDate "2010.09.21"]
[EventType "team"]
[EventRounds "11"]
[EventCountry "RUS"]
[WhiteTeam "CAN"]
[BlackTeam "CRO"]

1. c4 Nf6 2. Nc3 g6 3. g3 Bg7 4. Bg2 O-O 5. d4 c6 6. Nf3 d6 7. O-O Nbd7 8. e4
e5 9. h3 Qa5 10. Be3 Nb6 11. Qd3 exd4 12. Nxd4 Qa6 13. b3 d5 14. exd5 Nfxd5 15.
Nxd5 cxd5 16. Rac1 dxc4 17. Qe2 Re8 18. Rfd1 Bd7 19. bxc4 Ba4 20. Rd2 Rad8 21.
c5 Qxe2 22. Nxe2 Rxd2 23. Bxd2 Rxe2 24. cxb6 Bd4 25. Rc8+ Kg7 26. Bc3 Bxc3 27.
bxa7 Bd4 28. a8=Q Bxf2+ 29. Kh2 Re1 30. Bf3 Bb5 31. Rg8+ Kh6 32. Qf8+ Kg5 33.
Qd8+ 1-0

[Event "Olympiad"]
[Site "Khanty-Mansiysk RUS"]
[Date "2010.09.30"]
[Round "9"]
[White "Noritsyn, Nikolay"]
[Black "Babula, Vlastimil"]
[Result "0-1"]
[WhiteElo "2414"]
[BlackElo "2515"]
[PlyCount "120"]
[EventDate "2010.09.21"]
[EventType "team"]
[EventRounds "11"]
[EventCountry "RUS"]
[WhiteTeam "CAN"]
[BlackTeam "CZE"]

1. e4 c5 2. Nf3 d6 3. c3 Nf6 4. h3 g6 5. Bd3 Bg7 6. Bc2 e5 7. d4 exd4 8. cxd4
O-O 9. Nc3 cxd4 10. Nxd4 d5 11. e5 Ne4 12. Bxe4 dxe4 13. Bf4 Nd7 14. O-O Nxe5
15. Nxe4 Qxd4 16. Qxd4 Nf3+ 17. gxf3 Bxd4 18. Bh6 Bxh3 19. Rfd1 Bg7 20. Bxg7
Kxg7 21. Kh2 Bf5 22. Nd6 Be6 23. Nxb7 Rab8 24. Nc5 Rxb2 25. Nxe6+ fxe6 26. Kg3
Rb5 27. Rd7+ Rf7 28. Rxf7+ Kxf7 29. Rc1 Ra5 30. Rc7+ Kg8 31. Rc8+ Kg7 32. Rc7+
Kf6 33. Rxh7 Rxa2 34. f4 Ra3+ 35. f3 Ra2 36. Rc7 Ra1 37. Kg2 a5 38. Ra7 a4 39.
Kg3 Ra2 40. Kh3 Ra1 41. Kg3 a3 42. Kh2 g5 43. fxg5+ Kxg5 44. Kg3 Kf5 45. Ra5+
Kf6 46. Kh2 Ke7 47. Ra6 Kf6 48. Ra5 e5 49. Kg2 Ke6 50. Kh2 Kf6 51. Kg2 Kf5 52.
Ra4 Ke6 53. Ra5 Kd6 54. Kh2 Kc6 55. Rxe5 Rf1 56. Ra5 Rxf3 57. Kg2 Rb3 58. Kf2
Rh3 59. Ke2 a2 60. Kd2 Rh1 0-1